[Event "Arak op (Women) 15th"]
[Site "Arak"]
[Date "2012.07.14"]
[Round "3"]
[White "Ghaffariankhorram, Aida"]
[Black "Bagheri, Taleghani Nadia"]
[Result "0-1"]
[WhiteElo "1676"]
[BlackElo "1809"]
[PlyCount "102"]
[EventDate "2012.07.13"]
[EventType "swiss"]
[EventRounds "11"]
[EventCountry "IRI"]
[SourceTitle "CBM 149 Extra"]
[Source "ChessBase"]
[SourceDate "2012.08.24"]
[SourceVersion "1"]
[SourceVersionDate "2012.08.24"]
[SourceQuality "1"]

1. d4 Nf6 2. c4 e6 3. Nc3 Bb4 4. Qc2 0-0 5. e4 d5 6. e5 Ne4 7. a3 Bxc3+ 8. bxc3 c5 9. Bd3 Nc6 10. Ne2 cxd4 11. cxd4 Qa5+ 12. Kf1 Nb4 13. Qb1 Nxd3 14. Qxd3 f6 15. Ng3 fxe5 16. Nxe4 dxe4 17. Qe3 exd4 18. Qxd4 Rd8 19. Qxe4 Qc3 20. Rb1 Rd4 21. Qe2 Rxc4 22. Qd2 Qxd2 23. Bxd2 Rc2 24. Ke2 b6 25. Rhc1 Ba6+ 26. Ke3 Ra2 27. Ra1 Rxa1 28. Rxa1 Rd8 29. Bb4 Bc4 30. Rc1 b5 31. Rc2 Rd3+ 32. Kf4 a5 33. Bxa5 Rxa3 34. Bd2 Kf7 35. Rc3 Ra6 36. g3 Kf6 37. Rc1 e5+ 38. Ke3 Ra3+ 39. Rc3 Ra6 40. Rc1 Rd6 41. Rc3 Kf5 42. f3 h5 43. Bc1 Rc6 44. h3 Rd6 45. h4 Rd1 46. Kf2 Rf1+ 47. Ke3 Rg1 48. Kf2 Rf1+ 49. Ke3 Re1+ 50. Kf2 Re2+ 51. Kg1 e4 0-1